| 000 | 02341cam a22004694i 4500 | ||
|---|---|---|---|
| 003 | PE-LiUPU | ||
| 005 | 20250731173338.0 | ||
| 008 | 150706s r 000 0 d | ||
| 020 | _a9780521535212 | ||
| 035 | _a(Sirsi) i9780521535212 | ||
| 040 |
_aPE-LiUPU _bspa _cPE-LiUPU _erda |
||
| 049 | _aPRUA | ||
| 082 | 0 | 4 |
_a226.5077 _bN51 _221 |
| 100 | 1 |
_aNeyrey, Jerome H., _eautor. |
|
| 245 | 1 | 4 |
_aThe gospel of John / _cJerome H. Neyrey. |
| 264 | 1 |
_aNew York : Cambridge : _bUniversity Press, _c2007. |
|
| 300 |
_a353 páginas ; _c23 centímetros |
||
| 336 |
_atext _2rdacontent |
||
| 337 |
_aunmediated _2rdamedia |
||
| 338 |
_avolume _2rdacarrier |
||
| 490 | 0 | _aTheNew Cambridge Bible commentary | |
| 505 | 0 | _aThe Social Location of the Author -- Characters -- Role and Status -- Revealing and Concealing: Language and the Strategies of Secrecy -- Cultural Scenarios: Insights from the Social Sciences Other Significant Cultural Concepts -- Suggested Reading on The Gospel of John -- Commentaries -- Literary, Rhetorical, Symbolic, and Ironic Studies -- Sociological and Anthropological Approaches -- Background: Israelite and Greco Roman -- History of Interpretation -- Theology -- Noteworthy Monographs and Collections of Essays -- Journal Articles and Chapters in Collections of Essays -- Commentary -- John 1:1--18 -- Beginning, Middle, and End -- John 1:19--28 -- Questions and Answers: The Testimony of John -- A Closer Look -- Questions as Weapons -- A Closer Look -- Knowing and Not Knowing. | |
| 526 | _aSEG42 | ||
| 526 | _aSEG41 | ||
| 526 | _aSEG40 | ||
| 526 | _aSEG39 | ||
| 526 | _aP94 | ||
| 526 | _aP87 | ||
| 526 | _aP86 | ||
| 526 | _aP85 | ||
| 526 | _aP77 | ||
| 526 | _aP76 | ||
| 526 | _aP35 | ||
| 541 | _g20081126230934D47324; | ||
| 630 | 0 | 4 |
_aBiblia. _pN.T. _pJuan _xComentarios. |
| 910 |
_agl _bjv _clch _d20090817 |
||
| 942 |
_2ddc _cBOOK |
||
| 949 |
_a226.5077 N51 _wDEWEY _c1 _i59840 _lCCODEBUL1 _mBUL _p21.00 _r0 _sY _tBOOK _u2015-7-6 _xTEOLOGIA _PP85 _0COMPRA _o.STAFF. Colección General |
||
| 994 |
_aC0 _bPEPRU |
||
| 596 | _a1 | ||
| 999 |
_a226.5077 N51 _wDEWEY _c49375 _i59840 _d49375 _f2021-11-9 _g5 _lCCODEBUL1 _mBUL _p21.00 _q2 _r0 _sY _tBOOK _u2015-7-6 _xTEOLOGIA _PP85 _0COMPRA _o.STAFF. Colección General |
||
| 980 |
_81 _gALBERTO SANCHEZ Responsable de Automatización |
||